Most Dangerous Countries In the World - Statistics

General Stats
  • This quiz has been taken 278 times
  • The average score is 6 of 10
Answer Stats
Answer % Correct
Afghanistan
91%
Iraq
77%
Syria
76%
North Korea
68%
Yemen
67%
Somalia
64%
Pakistan
61%
South Sudan
50%
Mexico
45%
Israel
44%
No matching quizzes found
Score Distribution
Percent of People with Each Score
Percentile by Number Answered
Your Score History
You have not taken this quiz